| 000 | 01641nam a2200385 i 4500 | ||
|---|---|---|---|
| 001 | 15601778 | ||
| 003 | EG-ScBUE | ||
| 005 | 20230216054205.0 | ||
| 008 | 090128s2009 enk f d 001 0 eng d | ||
| 020 | _a9781405899352 (pbk.) | ||
| 040 |
_aDLC _beng _erda _cDLC _dEG-ScBUE |
||
| 043 | _ae-uk--- | ||
| 082 | 0 | 4 |
_a346.4202 _bELL _222 |
| 100 | 1 |
_aElliott, Catherine, _d1966- _eauthor. |
|
| 245 | 1 | 0 |
_aContract law / _cCatherine Elliott and Frances Quinn. |
| 250 | _aSeventh edition. | ||
| 264 | 1 |
_aHarlow, England : _bPearson Education Limited, _c2009. |
|
| 300 |
_axxxii, 434 p. ; _c24 cm. |
||
| 336 |
_2rdacontent _atext _btxt |
||
| 337 |
_2rdamedia _aunmediated _bn |
||
| 338 |
_2rdacarrier _avolume _bnc |
||
| 490 | 0 | _aElliott & Quinn series | |
| 500 | _aIncludes index. | ||
| 500 | _aIncludes glossary. | ||
| 500 | _aIncludes appendix. | ||
| 505 | 0 | _aOffer and acceptance -- Certainty -- Intention to create legal relations -- Capacity -- Formalities -- Consideration -- Terms of the contract -- Unfair contract terms -- Misrepresentation -- Mistake -- Illegality -- Duress and undue influence -- Third parties -- Discharge of contract -- Remedies -- Consumer contracts. | |
| 650 | 7 |
_aContracts _zEngland. _2BUEsh |
|
| 650 | 7 |
_aContracts _zWales. _2BUEsh |
|
| 653 |
_bLLAAWW _cFebruary2023 |
||
| 655 | _vReading book | ||
| 700 | 1 |
_aQuinn, Frances, _d1963- _eauthor. |
|
| 906 |
_a7 _bcbc _corignew _d1 _eecip _f20 _gy-gencatlg |
||
| 942 |
_2ddc _cBB |
||
| 999 |
_c30163 _d30134 |
||